Países andinos
Gespeichert in:
| Format: | Text |
|---|---|
| Veröffentlicht: |
México:
IFE. FCE
|
| Schlagworte: | |
| Tags: |
Tag hinzufügen
Keine Tags, Fügen Sie den ersten Tag hinzu!
|
MARC
| LEADER | 00000 a a2200000 04500 | ||
|---|---|---|---|
| 001 | 30493 | ||
| 003 | |||
| 040 | |||
| 090 | |a 195210 | ||
| 245 | |a Países andinos | ||
| 260 | |a México: |b IFE. FCE | ||
| 300 | |a 676 p.; vol. 2 | ||
| 650 | |a PARTIDOS POLITICOS | ||
| 650 | |a REFORMA POLITICA | ||
| 650 | |a HISTORIA POLITICA | ||
| 650 | |a ESTRUCTURA ORGANIZACIONAL | ||
| 650 | |a COMPORTAMIENTO POLITICO | ||
| 650 | |a IDEOLOGIAS POLITICAS | ||
| 650 | |a ELECCIONES | ||
| 999 | |c 13663 |d 13663 | ||
